Auswanderungen Vietnam - Statistiken

Allgemein
  • Dieses Quiz wurde 94 mal gespielt
  • Das Durchschnittsergebnis liegt bei 16 aus 20
Antwortstatistiken
Platz Land Anzahl % Korrekt
18. China 36.205
100%
9. Deutschland 188.000
99%
1. Vereinigte Staaten 2.067.527
97%
4. Frankreich 400.000
94%
12. Thailand 100.000
94%
3. Japan 448.053
92%
11. Laos 122.000
91%
2. Kambodscha 700.000
90%
7. Kanada 240.518
90%
6. Australien 300.000
88%
8. Südkorea 224.518
84%
15. Vereinigtes Königreich 75.000
84%
14. Malaysia 80.000
82%
10. Russland 150.000
82%
20. Philippinen 27.600
73%
5. Taiwan 320.000
69%
16. Polen 70.000
64%
13. Tschechien 90.000
52%
19. Ukraine 30.000
47%
17. Angola 45.000
3%
Keine übereinstimmenden Quizze gefunden
Verteilung der Resultate
Anzahl Personen mit jedem Resultat
Perzentil nach korrekt beantworteten Fragen
Ihre Resultats-Entwicklung
Sie haben dieses Quiz noch nicht gespielt